[Event "13th World Teams Pool B"]
[Site "Jerusalem ISR"]
[Date "2022.11.21"]
[Round "4.1"]
[White "Rodshtein, Maxim"]
[Black "Niemann, Hans Moke"]
[Result "1/2-1/2"]
[WhiteElo "2618"]
[BlackElo "2699"]
[PlyCount "148"]
[EventDate "2022.11.20"]
[SourceTitle "Ajedrez en Madrid"]
[Source "lmi"]
[SourceDate "2022.11.20"]
[SourceVersion "1"]
[SourceVersionDate "2022.11.25"]
[SourceQuality "1"]
[WhiteTeam "Israel"]
[BlackTeam "United States"]
[WhiteTeamCountry "ISR"]
[BlackTeamCountry "USA"]

1. d4 Nf6 2. c4 e6 3. Nf3 d5 4. g3 Bb4+ 5. Bd2 Be7 6. Bg2 O-O 7. O-O Nbd7 8. Qc2 c6 9. Bf4 a5 10. Rd1 Ne4 11. h4 h6 12. Nc3 g5 13. Be3 f5 14. hxg5 hxg5 15. Qc1 g4 16. Ne1 Nd6 17. b3 Rf7 18. Nd3 Rh7 19. Nf4 Nf6 20. Ng6 Nde4 21. Bxe4 Nxe4 22. Nxe4 fxe4 23. Kg2 Bf6 24. Rh1 Rh3 25. Ne5 Bxe5 26. dxe5 Qe8 27. Rxh3 gxh3+ 28. Kh2 Qh5 29. Qb2 Qg4 30. Rf1 Bd7 31. f3 exf3 32. exf3 Qf5 33. Qd4 c5 34. Qxc5 Bc6 35. Qd4 dxc4 36. g4 Qd3 37. Qxd3 cxd3 38. Kxh3 a4 39. Kg3 axb3 40. axb3 Ra3 41. b4 Rb3 42. Bd2 Rb2 43. Rf2 Rb1 44. Kf4 Rh1 45. Kg5 Kf7 46. f4 Rg1 47. Kh4 Rh1+ 48. Kg5 Rg1 49. f5 Rg2 50. Rxg2 Bxg2 51. Kf4 Bf1 52. Bc3 Bg2 53. Ke3 Bh3 54. Kf4 Bg2 55. Bd2 Bh3 56. Kg3 Bf1 57. Kf3 Bh3 58. Kg3 Bf1 59. Bc3 Be2 60. Kf4 Bf1 61. fxe6+ Kxe6 62. g5 Bh3 63. g6 Bf5 64. g7 Bh7 65. Kg5 d2 66. Bxd2 Kxe5 67. Kh6 Bg8 68. Kg6 b5 69. Bc3+ Ke6 70. Bb2 Ke7 71. Bd4 Ke6 72. Bc5 Ke5 73. Bf2 Ke6 74. Bh4 Ke5 1/2-1/2

[Event "13th World Teams Pool B"]
[Site "Jerusalem ISR"]
[Date "2022.11.21"]
[Round "4.1"]
[White "Onischuk, Alexander"]
[Black "Nabaty, Tamir"]
[Result "0-1"]
[WhiteElo "2640"]
[BlackElo "2629"]
[PlyCount "115"]
[EventDate "2022.11.20"]
[SourceTitle "Ajedrez en Madrid"]
[Source "lmi"]
[SourceDate "2022.11.20"]
[SourceVersion "1"]
[SourceVersionDate "2022.11.25"]
[SourceQuality "1"]
[WhiteTeam "United States"]
[BlackTeam "Israel"]
[WhiteTeamCountry "USA"]
[BlackTeamCountry "ISR"]

1. d4 d5 2. c4 e6 3. Nc3 c5 4. e3 dxc4 5. Bxc4 Nf6 6. Nf3 a6 7. a4 Nc6 8. O-O Bd6 9. dxc5 Bxc5 10. Qxd8+ Kxd8 11. e4 h6 12. e5 Nd7 13. Re1 Ke7 14. Bf4 Nb6 15. Bf1 Rd8 16. Rec1 Na5 17. Ne4 Bb4 18. Bd2 Bxd2 19. Nexd2 Nd5 20. Rab1 Nc6 21. Ne4 Bd7 22. Nc5 Rab8 23. Nxd7 Kxd7 24. Bd3 g5 25. h3 Nf4 26. Bf1 Nd5 27. Bd3 Rbc8 28. Be4 Ke7 29. g3 Ndb4 30. Rc4 Rd7 31. Bxc6 Nxc6 32. b4 Na7 33. Rbc1 Kd8 34. Kg2 Rd5 35. Rxc8+ Nxc8 36. Rc3 Ne7 37. Rc4 Nc6 38. Re4 Ke7 39. Rc4 Kd7 40. Re4 b5 41. axb5 Rxb5 42. h4 Rxb4 43. Rxb4 Nxb4 44. hxg5 hxg5 45. Nxg5 a5 46. Ne4 Kc6 47. Kf3 a4 48. Nc3 a3 49. Ke4 a2 50. Nxa2 Nxa2 51. f4 Nc3+ 52. Kd3 Nd5 53. Kd4 Ne7 54. g4 Kb5 55. Ke4 Kc5 56. f5 Kc4 57. Ke3 Kd5 58. Kf4 0-1

[Event "13th World Teams Pool B"]
[Site "Jerusalem ISR"]
[Date "2022.11.21"]
[Round "4.1"]
[White "Smirin, Ilia"]
[Black "Akobian, Varuzhan"]
[Result "1/2-1/2"]
[WhiteElo "2596"]
[BlackElo "2591"]
[PlyCount "36"]
[EventDate "2022.11.20"]
[SourceTitle "Ajedrez en Madrid"]
[Source "lmi"]
[SourceDate "2022.11.20"]
[SourceVersion "1"]
[SourceVersionDate "2022.11.25"]
[SourceQuality "1"]
[WhiteTeam "Israel"]
[BlackTeam "United States"]
[WhiteTeamCountry "ISR"]
[BlackTeamCountry "USA"]

1. e4 c6 2. Nc3 d5 3. Nf3 Bg4 4. h3 Bxf3 5. Qxf3 e6 6. Be2 Nf6 7. O-O Nbd7 8. d4 dxe4 9. Nxe4 Nxe4 10. Qxe4 Nf6 11. Qh4 Qc7 12. Bg5 Be7 13. Rad1 h6 14. Bc1 Bd6 15. Bg5 Nh7 16. Bc1 Nf6 17. Bg5 Nh7 18. Bc1 Nf6 1/2-1/2

[Event "13th World Teams Pool B"]
[Site "Jerusalem ISR"]
[Date "2022.11.21"]
[Round "4.1"]
[White "Quesada Perez, Yuniesky"]
[Black "Postny, Evgeny"]
[Result "1/2-1/2"]
[WhiteElo "2583"]
[BlackElo "2588"]
[PlyCount "173"]
[EventDate "2022.11.20"]
[SourceTitle "Ajedrez en Madrid"]
[Source "lmi"]
[SourceDate "2022.11.20"]
[SourceVersion "1"]
[SourceVersionDate "2022.11.25"]
[SourceQuality "1"]
[WhiteTeam "United States"]
[BlackTeam "Israel"]
[WhiteTeamCountry "USA"]
[BlackTeamCountry "ISR"]

1. e4 e5 2. Nf3 Nc6 3. Bc4 Nf6 4. d3 Be7 5. O-O d6 6. a4 Na5 7. Ba2 c5 8. c3 Nc6 9. Na3 O-O 10. Nc2 a6 11. b4 cxb4 12. cxb4 d5 13. b5 axb5 14. axb5 Nb4 15. Nxb4 Bxb4 16. Bb2 Bg4 17. h3 Bxf3 18. Qxf3 d4 19. Bc4 Rxa1 20. Rxa1 Bc3 21. Bxc3 dxc3 22. Qd1 Qd4 23. Qb3 Ne8 24. Rc1 Nd6 25. Rxc3 Ra8 26. Rc1 Ra1 27. Rxa1 Qxa1+ 28. Kh2 Qd4 29. Qa2 g6 30. g3 Kg7 31. Kg2 h5 32. h4 Kf6 33. f4 Kg7 34. Qf2 Qc3 35. Bd5 Qxd3 36. fxe5 Nf5 37. Kh3 Qxb5 38. Ba2 Qc6 39. exf5 Qh1+ 40. Qh2 Qf1+ 41. Qg2 Qxf5+ 42. Kh2 Qxe5 43. Qxb7 Qe2+ 44. Qg2 Qe3 45. Qc2 Qe5 46. Qf2 Qe7 47. Bd5 Kg8 48. Kg2 Kg7 49. Qf3 Kg8 50. Qe4 Qf6 51. Qf4 Qe7 52. Qd4 Qe2+ 53. Qf2 Qe7 54. Qf3 Kg7 55. Qc3+ Kg8 56. Kf3 Qd6 57. Ke4 Qe7+ 58. Qe5 Qd7 59. Ke3 Kh7 60. Bc4 Qa7+ 61. Kf3 Kg8 62. Qf6 Qb7+ 63. Kf2 Kf8 64. Qh8+ Ke7 65. Qd4 Kf8 66. Bd5 Qd7 67. Qe5 Kg8 68. Kf3 Kh7 69. Ke3 Kg8 70. Bc4 Qa7+ 71. Ke4 Qd7 72. Ke3 Kf8 73. Qh8+ Ke7 74. Qg7 Qf5 75. Qd4 Kf8 76. Qd8+ Kg7 77. Qd5 Qf6 78. Qd4 Qxd4+ 79. Kxd4 g5 80. hxg5 Kg6 81. Bxf7+ Kxg5 82. Be6 h4 83. g4 h3 84. Ke3 h2 85. Bd5 Kxg4 86. Kf2 h1=N+ 87. Bxh1 1/2-1/2

[Event "13th World Teams Pool B"]
[Site "Jerusalem ISR"]
[Date "2022.11.21"]
[Round "4.2"]
[White "Vidit, Santosh Gujrathi"]
[Black "Yakubboev, Nodirbek"]
[Result "0-1"]
[WhiteElo "2724"]
[BlackElo "2667"]
[PlyCount "126"]
[EventDate "2022.11.20"]
[SourceTitle "Ajedrez en Madrid"]
[Source "lmi"]
[SourceDate "2022.11.20"]
[SourceVersion "1"]
[SourceVersionDate "2022.11.25"]
[SourceQuality "1"]
[WhiteTeam "India"]
[BlackTeam "Uzbekistan"]
[WhiteTeamCountry "IND"]
[BlackTeamCountry "UZB"]

1. d4 Nf6 2. c4 e6 3. Nc3 Bb4 4. e3 O-O 5. Bd3 d5 6. Nf3 dxc4 7. Bxc4 c5 8. O-O cxd4 9. exd4 b6 10. Bg5 Bxc3 11. bxc3 Bb7 12. Qe2 Nbd7 13. Rac1 Qc7 14. Nd2 Nd5 15. Bxd5 exd5 16. Rfe1 f6 17. Bh4 Qc6 18. Nf1 Rf7 19. Bg3 Nf8 20. h4 Qd7 21. h5 Bc6 22. Ne3 Re8 23. Qf3 f5 24. Nf1 Re4 25. Be5 Ne6 26. Qd1 Rxe1 27. Qxe1 f4 28. f3 h6 29. Qh4 Rf5 30. g4 Rxe5 31. dxe5 d4 32. Nh2 d3 33. Rd1 Ng5 34. Kg2 d2 35. e6 Qxe6 36. Rxd2 Kh7 37. Rd4 Bxf3+ 38. Nxf3 Nxf3 39. Kxf3 Qe3+ 40. Kg2 f3+ 41. Kh3 Qe2 42. Qg3 f2 43. Rf4 f1=Q+ 44. Rxf1 Qxf1+ 45. Kh2 Qe2+ 46. Qg2 Qe5+ 47. Qg3 Qd5 48. Qf2 Qe4 49. Kg3 Qe5+ 50. Kg2 Qxc3 51. Qf5+ Kg8 52. Qe6+ Kf8 53. Qd6+ Kf7 54. Qd7+ Kf6 55. Qxa7 Qd4 56. Kg3 Qe3+ 57. Kg2 Qe4+ 58. Kg3 Qe5+ 59. Kg2 b5 60. Qf2+ Kg5 61. Qg3 Qe4+ 62. Kf2 Qf4+ 63. Qf3 b4 0-1

[Event "13th World Teams Pool B"]
[Site "Jerusalem ISR"]
[Date "2022.11.21"]
[Round "4.2"]
[White "Sindarov, Javokhir"]
[Black "Nihal, Sarin"]
[Result "1-0"]
[WhiteElo "2654"]
[BlackElo "2670"]
[PlyCount "87"]
[EventDate "2022.11.20"]
[SourceTitle "Ajedrez en Madrid"]
[Source "lmi"]
[SourceDate "2022.11.20"]
[SourceVersion "1"]
[SourceVersionDate "2022.11.25"]
[SourceQuality "1"]
[WhiteTeam "Uzbekistan"]
[BlackTeam "India"]
[WhiteTeamCountry "UZB"]
[BlackTeamCountry "IND"]

1. e4 e5 2. Nf3 Nc6 3. Bc4 Bc5 4. Nc3 Nf6 5. d3 h6 6. O-O O-O 7. h3 a6 8. Be3 Bxe3 9. fxe3 d6 10. d4 b5 11. Bd3 Re8 12. d5 Ne7 13. Nd2 Rf8 14. Kh2 Bd7 15. a4 Rb8 16. axb5 axb5 17. b4 c6 18. dxc6 Nxc6 19. Rb1 Na7 20. Qe2 Rc8 21. Nd5 Nxd5 22. exd5 f5 23. e4 f4 24. Ra1 Rc7 25. Nf3 g5 26. Ra6 Qf6 27. Rfa1 Nc8 28. Bxb5 g4 29. hxg4 Bxg4 30. Rh1 Kh7 31. Kg1 Rg8 32. Kf1 Rcg7 33. Qf2 Bxf3 34. gxf3 Rg3 35. Bd7 Ne7 36. Be6 R8g6 37. Rxd6 Qg5 38. Rd7 Rg2 39. Qc5 Rg7 40. Rxe7 Rxe7 41. Bf5+ Kg7 42. d6 Qg3 43. Rh3 Qg5 44. dxe7 1-0

[Event "13th World Teams Pool B"]
[Site "Jerusalem ISR"]
[Date "2022.11.21"]
[Round "4.2"]
[White "Narayanan, S.L."]
[Black "Vokhidov, Shamsiddin"]
[Result "1/2-1/2"]
[WhiteElo "2673"]
[BlackElo "2568"]
[PlyCount "79"]
[EventDate "2022.11.20"]
[SourceTitle "Ajedrez en Madrid"]
[Source "lmi"]
[SourceDate "2022.11.20"]
[SourceVersion "1"]
[SourceVersionDate "2022.11.25"]
[SourceQuality "1"]
[WhiteTeam "India"]
[BlackTeam "Uzbekistan"]
[WhiteTeamCountry "IND"]
[BlackTeamCountry "UZB"]

1. e4 e5 2. Nf3 Nc6 3. Bb5 a6 4. Ba4 Nf6 5. O-O Nxe4 6. d4 b5 7. Bb3 d5 8. dxe5 Be6 9. c3 Be7 10. Nbd2 Nc5 11. Bc2 d4 12. Nb3 d3 13. Bb1 Nxb3 14. axb3 Bf5 15. Re1 O-O 16. b4 Qd7 17. Bf4 Rfd8 18. h3 a5 19. bxa5 Rxa5 20. Rxa5 Nxa5 21. Nd4 c5 22. e6 fxe6 23. Nxf5 exf5 24. Qxd3 Qxd3 25. Bxd3 Rxd3 26. Rxe7 Nc4 27. Rb7 Nxb2 28. Rxb5 Nd1 29. Be5 Nxc3 30. Rb7 g6 31. Rg7+ Kf8 32. Rxh7 Ne4 33. f3 Ng5 34. Ra7 Ne6 35. h4 Rd5 36. Bf6 f4 37. Re7 Rd6 38. Ra7 Rd5 39. Re7 Rd6 40. Ra7 1/2-1/2

[Event "13th World Teams Pool B"]
[Site "Jerusalem ISR"]
[Date "2022.11.21"]
[Round "4.2"]
[White "Vakhidov, Jakhongir"]
[Black "Gupta, Abhijeet"]
[Result "1-0"]
[WhiteElo "2607"]
[BlackElo "2616"]
[PlyCount "101"]
[EventDate "2022.11.20"]
[SourceTitle "Ajedrez en Madrid"]
[Source "lmi"]
[SourceDate "2022.11.20"]
[SourceVersion "1"]
[SourceVersionDate "2022.11.25"]
[SourceQuality "1"]
[WhiteTeam "Uzbekistan"]
[BlackTeam "India"]
[WhiteTeamCountry "UZB"]
[BlackTeamCountry "IND"]

1. c4 Nf6 2. Nc3 e5 3. Nf3 Nc6 4. e4 Bb4 5. d3 d6 6. a3 Bxc3+ 7. bxc3 h6 8. g3 Be6 9. Bg2 Qd7 10. Rb1 b6 11. Nh4 O-O 12. O-O Bh3 13. f4 Bxg2 14. Kxg2 exf4 15. Bxf4 Nh7 16. Nf5 Ne7 17. g4 Kh8 18. Kh1 Rae8 19. Rb2 f6 20. Rg2 Ng6 21. Bg3 Ne5 22. h4 c6 23. Ne3 a6 24. a4 b5 25. axb5 axb5 26. cxb5 cxb5 27. Qe2 Ra8 28. Nd5 Ra6 29. d4 Nc4 30. Qf3 Rfa8 31. Rff2 Ra1+ 32. Kh2 Qd8 33. Qf5 Rd1 34. Ra2 Rxa2 35. Rxa2 Nd2 36. Ne3 Rc1 37. Rxd2 Nf8 38. Rc2 Ra1 39. Qxb5 Qa8 40. Qd5 Qa6 41. Qxd6 Qd3 42. Qxf8+ Kh7 43. Qc8 Qxe3 44. Qf5+ Kh8 45. Qf2 Qxe4 46. Qg2 Qxg4 47. d5 f5 48. Rf2 Rd1 49. Qf3 Qa4 50. Qxf5 Qa1 51. Qf3 1-0

[Event "13th World Teams Pool B"]
[Site "Jerusalem ISR"]
[Date "2022.11.21"]
[Round "4.3"]
[White "Wojtaszek, Radoslaw"]
[Black "Radjabov, Teimour"]
[Result "1-0"]
[WhiteElo "2686"]
[BlackElo "2747"]
[PlyCount "63"]
[EventDate "2022.11.20"]
[SourceTitle "Ajedrez en Madrid"]
[Source "lmi"]
[SourceDate "2022.11.20"]
[SourceVersion "1"]
[SourceVersionDate "2022.11.25"]
[SourceQuality "1"]
[WhiteTeam "Poland"]
[BlackTeam "Azerbaijan"]
[WhiteTeamCountry "POL"]
[BlackTeamCountry "AZE"]

1. c4 Nf6 2. Nc3 e5 3. Nf3 Nc6 4. g3 d5 5. cxd5 Nxd5 6. Bg2 Bc5 7. O-O O-O 8. Qc2 Nd4 9. Qe4 Nxc3 10. dxc3 Nxf3+ 11. exf3 Re8 12. Re1 c6 13. f4 Qb6 14. Be3 Bxe3 15. Qxe3 Qxb2 16. fxe5 Bf5 17. a4 f6 18. f4 Rad8 19. Bf1 fxe5 20. Bc4+ Be6 21. Rab1 Qc2 22. Bxe6+ Rxe6 23. Rxb7 Rh6 24. Rxg7+ Kh8 25. h4 Re6 26. Rg5 e4 27. f5 Re7 28. f6 Rf7 29. Qxe4 Qxc3 30. Qe8+ Rf8 31. f7 Qd4+ 32. Kh1 1-0

[Event "13th World Teams Pool B"]
[Site "Jerusalem ISR"]
[Date "2022.11.21"]
[Round "4.3"]
[White "Mamedov, Rauf"]
[Black "Bartel, Mateusz"]
[Result "1/2-1/2"]
[WhiteElo "2646"]
[BlackElo "2627"]
[PlyCount "81"]
[EventDate "2022.11.20"]
[SourceTitle "Ajedrez en Madrid"]
[Source "lmi"]
[SourceDate "2022.11.20"]
[SourceVersion "1"]
[SourceVersionDate "2022.11.25"]
[SourceQuality "1"]
[WhiteTeam "Azerbaijan"]
[BlackTeam "Poland"]
[WhiteTeamCountry "AZE"]
[BlackTeamCountry "POL"]

1. Nf3 d5 2. g3 g6 3. Bg2 Bg7 4. O-O e5 5. d3 Ne7 6. e4 O-O 7. exd5 Nxd5 8. Nbd2 Nc6 9. a3 h6 10. Re1 Re8 11. Rb1 a5 12. c3 a4 13. Ne4 Nf6 14. Nfd2 Nd7 15. f4 exf4 16. gxf4 Nb6 17. Nf1 Ne7 18. Qe2 Bd7 19. Qf2 Bc6 20. Be3 Nf5 21. Bxb6 cxb6 22. Rbd1 Nh4 23. Bh1 f5 24. Ned2 Rxe1 25. Rxe1 Bxh1 26. Kxh1 Qd5+ 27. Kg1 g5 28. d4 Rf8 29. Ne3 Qc6 30. Ng2 Ng6 31. Qf3 gxf4 32. Qh5 Re8 33. Rxe8+ Qxe8 34. Qxf5 Qe2 35. Qxg6 Qxd2 36. Qe6+ Kh8 37. Qe8+ Kh7 38. Qe4+ Kh8 39. Qe8+ Kh7 40. Qe4+ Kh8 41. Qe8+ 1/2-1/2

[Event "13th World Teams Pool B"]
[Site "Jerusalem ISR"]
[Date "2022.11.21"]
[Round "4.3"]
[White "Gumularz, Szymon"]
[Black "Suleymanli, Aydin"]
[Result "1/2-1/2"]
[WhiteElo "2561"]
[BlackElo "2543"]
[PlyCount "65"]
[EventDate "2022.11.20"]
[SourceTitle "Ajedrez en Madrid"]
[Source "lmi"]
[SourceDate "2022.11.20"]
[SourceVersion "1"]
[SourceVersionDate "2022.11.25"]
[SourceQuality "1"]
[WhiteTeam "Poland"]
[BlackTeam "Azerbaijan"]
[WhiteTeamCountry "POL"]
[BlackTeamCountry "AZE"]

1. d4 d5 2. c4 dxc4 3. Nf3 Nf6 4. e3 e6 5. Bxc4 c5 6. O-O a6 7. e4 b5 8. Be2 Nxe4 9. a4 b4 10. Nbd2 Bb7 11. Nxe4 Bxe4 12. Be3 cxd4 13. Nxd4 Nc6 14. Bf3 Bxf3 15. Qxf3 Nxd4 16. Bxd4 Qd5 17. Qxd5 exd5 18. Rfe1+ Kd7 19. Rad1 Re8 20. Rxe8 Kxe8 21. Be5 f6 22. Bf4 Be7 23. Rxd5 Kf7 24. Kf1 Rc8 25. Ke2 Ke6 26. Rd3 Rc2+ 27. Rd2 Rc4 28. Be3 b3 29. Rd4 Rc2+ 30. Rd2 Rc4 31. Rd4 Rc2+ 32. Rd2 Rc4 33. Rd4 1/2-1/2

[Event "13th World Teams Pool B"]
[Site "Jerusalem ISR"]
[Date "2022.11.21"]
[Round "4.3"]
[White "Asadli, Vugar"]
[Black "Janik, Igor"]
[Result "1-0"]
[WhiteElo "2567"]
[BlackElo "2539"]
[PlyCount "111"]
[EventDate "2022.11.20"]
[SourceTitle "Ajedrez en Madrid"]
[Source "lmi"]
[SourceDate "2022.11.20"]
[SourceVersion "1"]
[SourceVersionDate "2022.11.25"]
[SourceQuality "1"]
[WhiteTeam "Azerbaijan"]
[BlackTeam "Poland"]
[WhiteTeamCountry "AZE"]
[BlackTeamCountry "POL"]

1. e4 e5 2. Nf3 Nc6 3. Bc4 Bc5 4. d3 Nf6 5. Nc3 h6 6. a3 O-O 7. O-O d6 8. Na4 Bb6 9. h3 Be6 10. Bxe6 fxe6 11. b4 Qe8 12. c4 Bd4 13. Ra2 a6 14. Be3 b5 15. Nb2 Nh5 16. Kh2 g5 17. g3 Qg6 18. Qe2 Rf7 19. cxb5 axb5 20. Nd1 Raf8 21. Nd2 Bb6 22. Bxb6 cxb6 23. Nb3 Rf3 24. Rg1 Nd4 25. Nxd4 exd4 26. Rc2 g4 27. Rc6 gxh3 28. g4 Ng7 29. Rxd6 Qg5 30. e5 Re3 31. fxe3 Qxe5+ 32. Kxh3 Qxd6 33. Nf2 e5 34. Ne4 Qe6 35. exd4 Nh5 36. Kh2 Nf4 37. Qf3 exd4 38. g5 Qe5 39. Nf6+ Rxf6 40. gxf6+ Kf7 41. Qb7+ Kxf6 42. Qg7+ Ke6 43. Qxh6+ Kf7 44. Qh7+ Ke6 45. Qg8+ Kf6 46. Qf8+ Ke6 47. Qe8+ Kf6 48. Qxe5+ Kxe5 49. Rg5+ Kd6 50. Rg3 Ne2 51. Rf3 Nc3 52. Rf1 Nd5 53. Kg3 Ne3 54. Rf6+ Kc7 55. Kf3 Nc2 56. Ke4 1-0

[Event "13th World Teams Pool B"]
[Site "Jerusalem ISR"]
[Date "2022.11.22"]
[Round "5.1"]
[White "Mamedyarov, Shakhriyar"]
[Black "Rodshtein, Maxim"]
[Result "1-0"]
[WhiteElo "2741"]
[BlackElo "2618"]
[PlyCount "91"]
[EventDate "2022.11.20"]
[SourceTitle "Ajedrez en Madrid"]
[Source "lmi"]
[SourceDate "2022.11.20"]
[SourceVersion "1"]
[SourceVersionDate "2022.11.25"]
[SourceQuality "1"]
[WhiteTeam "Azerbaijan"]
[BlackTeam "Israel"]
[WhiteTeamCountry "AZE"]
[BlackTeamCountry "ISR"]

1. d4 Nf6 2. c4 e6 3. Nf3 d5 4. g3 Bb4+ 5. Bd2 Be7 6. Bg2 O-O 7. O-O c6 8. Qc2 Nbd7 9. Rc1 a5 10. e3 Ne4 11. Be1 f5 12. Nc3 Bd6 13. a3 g5 14. b4 g4 15. Nd2 axb4 16. axb4 Rxa1 17. Rxa1 Bxb4 18. Ndxe4 dxe4 19. Nxe4 Bxe1 20. Nd6 Ba5 21. Nxc8 Bc7 22. Ra8 Bb8 23. Nd6 Qe7 24. Nxb7 Nb6 25. Rxb8 Rxb8 26. Nc5 Nd7 27. Nd3 c5 28. h3 gxh3 29. Bxh3 h5 30. d5 exd5 31. Bxf5 h4 32. Nf4 Nf8 33. Nxd5 Qe5 34. gxh4 Rb7 35. Nf4 Rf7 36. Be4 Rg7+ 37. Kf1 Rg4 38. h5 Kg7 39. Qb1 Kh6 40. Qb6+ Kg7 41. Qb7+ Kh6 42. Qc6+ Kg7 43. h6+ Kh8 44. Qc8 Rxf4 45. exf4 Qxf4 46. Qxc5 1-0

[Event "13th World Teams Pool B"]
[Site "Jerusalem ISR"]
[Date "2022.11.22"]
[Round "5.1"]
[White "Nabaty, Tamir"]
[Black "Radjabov, Teimour"]
[Result "1-0"]
[WhiteElo "2629"]
[BlackElo "2747"]
[PlyCount "109"]
[EventDate "2022.11.20"]
[SourceTitle "Ajedrez en Madrid"]
[Source "lmi"]
[SourceDate "2022.11.20"]
[SourceVersion "1"]
[SourceVersionDate "2022.11.25"]
[SourceQuality "1"]
[WhiteTeam "Israel"]
[BlackTeam "Azerbaijan"]
[WhiteTeamCountry "ISR"]
[BlackTeamCountry "AZE"]

1. d4 Nf6 2. Bf4 g6 3. c3 Bg7 4. Nd2 d6 5. e4 O-O 6. Ngf3 Nbd7 7. Be2 Re8 8. h3 e5 9. dxe5 dxe5 10. Be3 Nh5 11. O-O Nf4 12. Bc4 Nb6 13. Bb3 Qf6 14. h4 Bg4 15. g3 Ne6 16. Kg2 h6 17. a4 Rad8 18. Qc2 a5 19. Rfe1 Nf8 20. Nh2 Bd7 21. Nc4 Nxc4 22. Bxc4 Ne6 23. Rad1 Qe7 24. Qb3 b6 25. Nf3 Bc8 26. Bd5 Kh7 27. h5 g5 28. Rd2 Rd6 29. Red1 Red8 30. Bc4 Rxd2 31. Rxd2 Rxd2 32. Nxd2 Qd7 33. Nf1 Bf8 34. f3 Nc5 35. Qa2 Kg7 36. g4 Qd1 37. b3 Nd3 38. Qd2 Qxd2+ 39. Bxd2 Nf4+ 40. Kf2 Be6 41. Bxe6 Nxe6 42. b4 axb4 43. cxb4 Nd4 44. Ne3 c6 45. Bc3 Kf6 46. a5 bxa5 47. bxa5 Nb5 48. Bb2 Bc5 49. Ke2 Bxe3 50. Kxe3 Nc7 51. Ba3 Na6 52. Bf8 Ke6 53. Bxh6 f6 54. Bf8 Kf7 55. Bd6 1-0

[Event "13th World Teams Pool B"]
[Site "Jerusalem ISR"]
[Date "2022.11.22"]
[Round "5.1"]
[White "Guseinov, Gadir"]
[Black "Boruchovsky, Avital"]
[Result "1-0"]
[WhiteElo "2661"]
[BlackElo "2552"]
[PlyCount "87"]
[EventDate "2022.11.20"]
[SourceTitle "Ajedrez en Madrid"]
[Source "lmi"]
[SourceDate "2022.11.20"]
[SourceVersion "1"]
[SourceVersionDate "2022.11.25"]
[SourceQuality "1"]
[WhiteTeam "Azerbaijan"]
[BlackTeam "Israel"]
[WhiteTeamCountry "AZE"]
[BlackTeamCountry "ISR"]

1. e4 e5 2. Nf3 Nc6 3. Bb5 Nf6 4. O-O Nxe4 5. Re1 Nd6 6. Nxe5 Be7 7. Bf1 Nxe5 8. Rxe5 O-O 9. Nc3 Ne8 10. Nd5 Bd6 11. Re1 c6 12. Ne3 Be7 13. c4 d6 14. d4 Nc7 15. d5 Bf6 16. g3 cxd5 17. cxd5 Re8 18. Rb1 b6 19. Bd2 Bb7 20. Bg2 Qd7 21. h4 Bd4 22. Qb3 Re5 23. Bc3 Bxc3 24. Qxc3 Ne8 25. Qd4 Nf6 26. Nc4 Rxd5 27. Qf4 Rd3 28. Bxb7 Qxb7 29. Nxd6 Qc7 30. Rbd1 Rxd1 31. Rxd1 Rd8 32. Rc1 Qb8 33. Rc6 h6 34. Qc4 Kh7 35. Nxf7 Rd1+ 36. Kg2 Rd2 37. Qe6 Qb7 38. Qf5+ Kg8 39. Nxh6+ Kh8 40. Nf7+ Kg8 41. Ne5 Re2 42. Qf3 Qa6 43. Ng4 Ne4 44. Qf5 1-0

[Event "13th World Teams Pool B"]
[Site "Jerusalem ISR"]
[Date "2022.11.22"]
[Round "5.1"]
[White "Postny, Evgeny"]
[Black "Mamedov, Rauf"]
[Result "1/2-1/2"]
[WhiteElo "2588"]
[BlackElo "2646"]
[PlyCount "107"]
[EventDate "2022.11.20"]
[SourceTitle "Ajedrez en Madrid"]
[Source "lmi"]
[SourceDate "2022.11.20"]
[SourceVersion "1"]
[SourceVersionDate "2022.11.25"]
[SourceQuality "1"]
[WhiteTeam "Israel"]
[BlackTeam "Azerbaijan"]
[WhiteTeamCountry "ISR"]
[BlackTeamCountry "AZE"]

1. d4 Nf6 2. c4 g6 3. Nc3 Bg7 4. e4 O-O 5. Be3 d6 6. Be2 Nc6 7. Nf3 Ng4 8. Bg5 h6 9. Bh4 g5 10. Bg3 e5 11. d5 Nd4 12. Nxd4 exd4 13. Nb5 Nf6 14. f3 Nh5 15. Bf2 Nf4 16. O-O c5 17. dxc6 bxc6 18. Nxd4 c5 19. Nc2 Bxb2 20. Rb1 Be5 21. Qd2 Bc3 22. Qd1 Be6 23. Rb3 Qf6 24. Ne3 Bd4 25. Qd2 Rab8 26. Rfb1 Rxb3 27. Rxb3 Ng6 28. Nd1 Ne5 29. Qc1 Rc8 30. Be3 Nc6 31. Bf1 Rb8 32. Rxb8+ Nxb8 33. Qd2 Nc6 34. Bf2 Qe5 35. h4 Qf6 36. hxg5 hxg5 37. Bxd4 Nxd4 38. Qe3 Nc6 39. Qd2 Qe5 40. Kf2 Nd4 41. Nc3 a6 42. Ne2 Nc6 43. Nc3 Nd4 44. Ne2 Nc6 45. Nc1 g4 46. f4 Qxe4 47. Qxd6 g3+ 48. Kxg3 Qe3+ 49. Kh2 Qxc1 50. Bd3 Qe3 51. f5 Qh6+ 52. Kg1 Qe3+ 53. Kh2 Qh6+ 54. Kg1 1/2-1/2

[Event "13th World Teams Pool B"]
[Site "Jerusalem ISR"]
[Date "2022.11.22"]
[Round "5.2"]
[White "Vokhidov, Shamsiddin"]
[Black "Wojtaszek, Radoslaw"]
[Result "1-0"]
[WhiteElo "2568"]
[BlackElo "2686"]
[PlyCount "57"]
[EventDate "2022.11.20"]
[SourceTitle "Ajedrez en Madrid"]
[Source "lmi"]
[SourceDate "2022.11.20"]
[SourceVersion "1"]
[SourceVersionDate "2022.11.25"]
[SourceQuality "1"]
[WhiteTeam "Uzbekistan"]
[BlackTeam "Poland"]
[WhiteTeamCountry "UZB"]
[BlackTeamCountry "POL"]

1. e4 e5 2. Nf3 Nc6 3. Bb5 a6 4. Ba4 Nf6 5. O-O Be7 6. Re1 b5 7. Bb3 O-O 8. h3 Bb7 9. d3 d6 10. a3 Nb8 11. c4 bxc4 12. Bxc4 Nbd7 13. Nc3 Nb6 14. Ba2 c5 15. b4 cxb4 16. axb4 Rc8 17. Bb2 Nbd7 18. Bc4 Ra8 19. d4 Qb6 20. Qb3 exd4 21. Nxd4 Ne5 22. Nf5 Bd8 23. Rad1 Nxc4 24. Qxc4 Ne8 25. Nd5 Bxd5 26. exd5 Bf6 27. Rxe8 Bxb2 28. Ne7+ Kh8 29. Nc8 1-0

[Event "13th World Teams Pool B"]
[Site "Jerusalem ISR"]
[Date "2022.11.22"]
[Round "5.2"]
[White "Piorun, Kacper"]
[Black "Vakhidov, Jakhongir"]
[Result "1/2-1/2"]
[WhiteElo "2611"]
[BlackElo "2607"]
[PlyCount "95"]
[EventDate "2022.11.20"]
[SourceTitle "Ajedrez en Madrid"]
[Source "lmi"]
[SourceDate "2022.11.20"]
[SourceVersion "1"]
[SourceVersionDate "2022.11.25"]
[SourceQuality "1"]
[WhiteTeam "Poland"]
[BlackTeam "Uzbekistan"]
[WhiteTeamCountry "POL"]
[BlackTeamCountry "UZB"]

1. e4 c5 2. Nf3 g6 3. c3 d5 4. e5 a6 5. d4 Nc6 6. Be2 f6 7. O-O Bg7 8. exf6 Nxf6 9. dxc5 O-O 10. Bg5 e5 11. c4 d4 12. Nfd2 Bf5 13. Bf3 Qe7 14. Bxf6 Rxf6 15. Ne4 Bxe4 16. Bxe4 Bh6 17. a3 Qxc5 18. Qd3 b5 19. Nd2 Bxd2 20. cxb5 Qxb5 21. Qxd2 Rb8 22. b4 a5 23. Bd3 Qb6 24. b5 Nd8 25. Rac1 Kg7 26. Rc2 e4 27. Bxe4 Qxb5 28. Rc7+ Nf7 29. Qxd4 Qb2 30. Qxb2 Rxb2 31. Bd5 Rd2 32. Bc4 Rc2 33. f4 Kf8 34. g4 Nd6 35. Rb1 Ne8 36. Rb8 Re6 37. Bxe6 Rxc7 38. g5 Ke7 39. Bg8 Ng7 40. Bxh7 Ne6 41. Bxg6 Nxf4 42. Rb6 Nh3+ 43. Kg2 Nxg5 44. h4 Ne6 45. Bf5 Ng7 46. Be4 Rc3 47. Rg6 Nh5 48. Ra6 1/2-1/2